00258nam a2200121Ia 4500008004100000100000900041245002600050260001900076300000700095650001000102942000700112999001700119190216s9999||||xx |||||||||||||| ||und|| aNull 0aHindi-Kishor Kathayem bShadana Kenthr a80 aHindi cBK c16278d16278